000 00228nam a22000857a 4500
008 160912b xxu||||| |||| 00| 0 eng d
100 _9382
_aGanjal. J.K
245 _aGet Going Grammer-6
260 _aNew Delhi
_bRachna Publications
_c2011
999 _c3040
_d3040